Zahlencode Wörter #1 - Statistiken

Allgemein
  • Dieses Quiz wurde 32 mal gespielt
  • Das Durchschnittsergebnis liegt bei 7 aus 10
Antwortstatistiken
Code Wort % Korrekt
1-1-12 Aal
100%
1-4-5-12 Adel
100%
1-4-18-5-19-19-5 Adresse
100%
1-7-5-14-20 Agent
100%
1-12-20-5-18 Alter
100%
1-14-7-19-20 Angst
100%
1-16-6-5-12 Apfel
100%
1-19-16-8-1-12-20 Asphalt
100%
1-21-20-15 Auto
100%
2-5-9-20-18-1-7 Beitrag
100%
2-5-20-20 Bett
100%
2-9-2-6-18 Biber
100%
2-9-12-4-5-18 Bilder
100%
2-9-12-4-21-14-7 Bildung
100%
2-9-18-14-5 Birne
100%
2-15-23-12-9-14-7 Bowling
100%
2-18-9-5-6 Brief
100%
2-21-18-7 Burg
100%
2-21-20-20-5-18 Butter
100%
3-4 CD
100%
3-12-15-23-14 Clown
100%
3-15-4-5 Code
100%
4-1-3-8 Dach
100%
4-1-14-11-5 Danke
100%
5-9-5-18 Eier
100%
5-12-2-5 Elbe
100%
5-18-6-1-8-18-21-14-7 Erfahrung
100%
5-19-5-12 Esel
100%
5-19-19-5-14 Essen
100%
5-21-12-5 Eule
100%
5-21-18-15 Euro
100%
6-1-3-8 Fach
100%
6-1-8-18-18-1-4 Fahrrad
100%
6-1-21-19-20 Faust
100%
6-5-18-14-19-5-8-5-18 Fernseher
100%
6-5-21-5-18-23-5-8-18 Feuerwehr
100%
6-9-14-7-5-18-14-1-7-5-12 Fingernagel
100%
6-15-20-15 Foto
100%
6-18-1-14-11-18-5-9-3-8 Frankreich
100%
6-18-21-3-8-20 Frucht
100%
7-1-18-1-7-5 Garage
100%
7-5-23-5-8-18 Gewehr
100%
7-5-23-9-20-20-5-18 Gewitter
100%
7-9-18-1-6-6-5 Giraffe
100%
7-9-20-1-18-18-5 Gitarre
100%
7-12-1-20-26-5 Glatze
100%
7-14-21 Gnu
100%
7-15-12-4 Gold
100%
7-21-18-11-5 Gurke
100%
8-1-12-12-15 Hallo
100%
8-1-12-12-15-23-5-5-14 Halloween
100%
8-1-13-13-5-18 Hammer
100%
8-5-18-4 Herd
100%
8-21-8-14 Huhn
100%
8-21-14-4 Hund
100%
9-12-20-9-19 Iltis
100%
9-13-16-6-21-14-7 Impfung
100%
9-14-19-5-12 Insel
100%
10-1-7-21-1-18 Jaguar
100%
10-1-8-18-5 Jahre
100%
10-1-16-1-14 Japan
100%
11-1-6-6-5-5 Kaffee
100%
11-1-9-19-5-18 Kaiser
100%
11-1-11-20-21-19 Kaktus
100%
11-1-13-16-6 Kampf
100%
11-1-14-1-4-1 Kanada
100%
11-1-14-4-9-4-1-20 Kandidat
100%
11-1-14-14-5 Kanne
100%
11-5-7-5-12-14 Kegeln
100%
11-12-1-13-13-5-18 Klammer
100%
11-12-1-19-19-5 Klasse
100%
11-18-15-1-20-9-5-14 Kroatien
100%
11-21-3-8-5-14 Kuchen
100%
11-21-14-19-20 Kunst
100%
12-1-13-16-5 Lampe
100%
12-1-14-4 Land
100%
12-11-23 LKW
100%
13-1-14-14 Mann
100%
13-1-18-4-5-18 Marder
100%
13-5-8-12 Mehl
100%
13-5-20-5-18 Meter
100%
13-15-13-5-14-20 Moment
100%
14-1-13-5 Name
100%
14-1-19-5 Nase
100%
14-9-3-8-20-18-1-21-3-8-5-18 Nichtraucher
100%
14-21-4-5-12-14 Nudeln
100%
15-13-1 Oma
100%
16-1-16-1 Papa
100%
16-1-16-9-5-18 Papier
100%
16-1-18-20-25 Party
100%
16-5-18-21 Peru
100%
16-6-5-18-4 Pferd
100%
16-8-25-19-9-11 Physik
100%
16-15-19-9-20-9-15-14 Position
100%
16-15-19-20 Post
100%
16-18-9-14-26-5-19-19-9-14 Prinzessin
100%
18-5-7-5-14 Regen
100%
18-5-14-20-9-5-18 Rentier
100%
18-9-3-8-20-9-7 richtig
100%
18-15-19-1 rosa
100%
18-15-19-9-14-5-14 Rosinen
100%
19-3-8-12-15-19-19 Schloss
100%
19-3-8-21-2-12-1-4-5 Schublade
100%
19-3-8-23-1-18-26 schwarz
100%
19-3-8-23-5-9-14 Schwein
100%
19-3-8-23-5-19-20-5-18 Schwester
100%
19-5-5 See
100%
19-5-9-6-5 Seife
100%
19-5-18-22-9-3-5 Service
100%
19-15-14-14-5 Sonne
100%
19-16-9-14-14-5 Spinne
100%
19-16-18-9-20-26-5 Spritze
100%
19-20-21-8-12 Stuhl
100%
19-21-3-8-5 Suche
100%
19-21-16-16-5 Suppe
100%
20-5-5 Tee
100%
20-5-12-12-5-18 Teller
100%
20-5-14-14-9-19 Tennis
100%
20-9-19-3-8 Tisch
100%
21-8-18 Uhr
100%
22-1-19-5 Vase
100%
22-5-14-21-19 Venus
100%
22-5-18-5-9-14 Verein
100%
22-15-7-5-12 Vogel
100%
22-21-12-11-1-14 Vulkan
100%
23-1-8-12 Wahl
100%
23-5-9-14 Wein
100%
23-5-9-26-5-14 Weizen
100%
26-1-8-12-5-14 Zahlen
100%
26-1-8-14 Zahn
100%
26-5-9-20 Zeit
100%
26-9-7-1-18-5-20-20-5 Zigarette
100%
26-9-20-1-20 Zitat
100%
26-15-15 Zoo
100%
15-14-11-5-12 Onkel
75%
16-9-14-19-5-12 Pinsel
75%
11-9-13-15-14-15 Kimono
67%
12-5-8-18-5-18 Lehrer
67%
2-1-2-25 Baby
50%
2-1-12-12 Ball
50%
2-18-1-19-9-12-9-5-14 Brasilien
50%
2-21-14-4-5-19-20-1-7 Bundestag
50%
3-8-1-20 Chat
50%
4-5-20-5-11-20-9-22 Detektiv
50%
6-5-21-5-18 Feuer
50%
6-9-18-13-1 Firma
50%
7-12-1-19 Glas
50%
7-18-9-16-16-5 Grippe
50%
11-1-18-20-5 Karte
50%
11-18-1-6-20-23-5-18-11 Kraftwerk
50%
12-5-2-5-14 Leben
50%
13-9-11-18-15-6-15-14 Mikrofon
50%
14-1-18-26-9-19-19-5 Narzisse
50%
16-15-11-5-13-15-14 Pokemon
50%
16-15-12-9-20-9-11 Politik
50%
18-5-8 Reh
50%
19-3-8-1-6 Schaf
50%
19-3-9-14-5-5 Schnee
50%
19-3-8-18-1-21-2-5 Schraube
50%
19-3-8-21-12-5 Schule
50%
20-5-18-13-9-14 Termin
50%
20-18-1-21-13 Traum
50%
21-6-5-18 Ufer
50%
23-5-12-20-1-12-12 Weltall
50%
25-1-11 Yak
50%
26-21-6-1-12-12 Zufall
50%
1-6-6-5 Affe
0%
1-11-20-9-22 aktiv
0%
1-13-5-9-19-5 Ameise
0%
1-13-5-18-9-11-1 Amerika
0%
1-14-20-5-14-14-5 Antenne
0%
1-18-20-9-11-5-12 Artikel
0%
1-8-26-20 Arzt
0%
1-21-6-12-1-21-6 Auflauf
0%
1-21-7-5-14 Augen
0%
1-21-20-15-18 Autor
0%
1-22-15-3-1-4-15 Avocado
0%
2-1-3-8 Bach
0%
2-1-4 Bad
0%
2-1-14-11 Bank
0%
2-1-21-13 Baum
0%
2-5-14-26-9-14 Benzin
0%
2-5-19-5-14 Besen
0%
2-9-5-18 Bier
0%
2-9-20-20-5 Bitte
0%
2-12-1-21 blau
0%
2-12-9-20-26 Blitz
0%
2-12-21-13-5 Blume
0%
2-12-21-20 Blut
0%
2-15-4-5-14 Boden
0%
2-15-6-5-14 Bogen
0%
2-18-1-14-4-5-14-2-21-18-7 Brandenburg
0%
2-18-9-12-12-5 Brille
0%
2-18-21-4-5-18 Bruder
0%
2-21-3-8 Buch
0%
2-21-19 Bus
0%
3-8-1-13-16-9-6-14-15-14 Champignon
0%
3-8-5-13-9-5 Chemie
0%
3-8-9-14-1 China
0%
3-8-9-14-3-8-9-12-12-1 Chinchilla
0%
3-15-12-1 Cola
0%
3-15-13-16-21-20-5-18 Computer
0%
3-18-15-9-19-19-1-14-20 Croissant
0%
4-1-3-8-19 Dachs
0%
4-1-21-13-5-14 Daumen
0%
4-5-21-20-19-3-8 Deutsch
0%
4-9-5-19-5-12 Diesel
0%
4-15-14-1-21 Donau
0%
4-18-1-3-8-5 Drache
0%
4-21-14-11-5-12 dunkel
0%
4-21-19-3-8-5 Dusche
0%
5-8-5 Ehe
0%
5-9-19-5-14 Eisen
0%
5-13-1-9-12 Email
0%
5-14-7-5-12 Engel
0%
5-14-20-5 Ente
0%
5-18-2-19-5 Erbse
0%
5-18-6-15-12-7 Erfolg
0%
6-1-12-12-5 Falle
0%
7-1-12-19-3-8 falsch
0%
6-5-14-19-20-5-18 Fenster
0%
6-5-18-9-5-14 Ferien
0%
6-9-19-3-8-5 Fische
0%
6-12-9-5-7-5 Fliege
0%
6-12-21-7-26-5-21-7 Flugzeug
0%
6-12-21-19-19 Fluss
0%
6-18-1-7-5-14 Fragen
0%
6-18-1-21 Frau
0%
6-18-5-21-14-4-5 Freunde
0%
6-18-9-5-4-5-14 Frieden
0%
6-21-3-8-19 Fuchs
0%
7-1-2-5-12 Gabel
0%
7-1-14-19 Gans
0%
7-5-12-2 gelb
0%
7-5-12-4 Geld
0%
7-5-20-18-5-9-4-5 Getreide
0%
7-5-23-1-12-20 Gewalt
0%
7-15-18-9-12-12-1 Gorilla
0%
7-18-1-21 grau
0%
8-1-1-18-5 Haare
0%
8-1-6-5-18 Hafer
0%
8-1-7-5-12 Hagel
0%
8-1-8-14 Hahn
0%
8-1-14-4-20-21-3-8 Handtuch
0%
8-1-14-4-25 Handy
0%
8-5-12-12 hell
0%
8-5-18-26 Herz
0%
8-5-21-20-5 Heute
0%
8-15-19-5 Hose
0%
8-21-16-5 Hupe
0%
9-7-5-12 Igel
0%
10-1-3-11-5 Jacke
0%
10-21-12-9 Juli
0%
11-1-13-5-12 Kamel
0%
11-1-13-13 Kamm
0%
11-1-14-20-9-14-5 Kantine
0%
11-1-18-20-15-7-7-5-12 Kartoffel
0%
11-1-19-20-1-14-9-5 Kastanie
0%
11-1-20-26-5 Katze
0%
11-5-18-26-5 Kerze
0%
11-9-12-15-13-5-20-5-18 Kilometer
0%
11-9-14-4-5-18 Kinder
0%
11-9-18-3-8-5 Kirche
0%
11-9-19-19-5-14 Kissen
0%
11-12-1-22-9-5-18 Klavier
0%
11-12-5-9-4 Kleid
0%
11-12-9-4-7-5-12 Klingel
0%
11-15-13-5-20 Komet
0%
11-15-14-19-15-12-5 Konsole
0%
11-18-1-14-11-5-14-23-1-7-5-14 Krankenwagen
0%
11-18-1-14-11-8-5-9-20 Krankheit
0%
11-18-5-9-19 Kreis
0%
11-18-5-9-19-5-12 Kreisel
0%
11-18-9-5-7 Krieg
0%
11-18-15-14-5 Krone
0%
11-21-7-5-12-19-3-8-18-5-9-2-5-18 Kugelschreiber
0%
11-21-8 Kuh
0%
11-21-18-19 Kurs
0%
12-1-13-1 Lama
0%
12-1-19-19-15 Lasso
0%
12-5-4-5-18 Leder
0%
12-5-9-14-5 Leine
0%
12-9-3-8-20 Licht
0%
12-9-5-2-5 Liebe
0%
12-9-13-15-14-1-4-5 Limonade
0%
12-9-14-5-1-12 Lineal
0%
12-15-3-11-5-14 Locken
0%
12-15-11-15-13-15-20-9-22-5 Lokomotive
0%
13-1-12-1-24-19-9-1 Malaysia
0%
13-1-13-1 Mama
0%
13-1-14-20-5-12 Mantel
0%
13-1-20-8-5 Mathe
0%
13-1-21-19 Maus
0%
13-5-5-18 Meer
0%
13-5-9-19-20-5-18 Meister
0%
13-5-19-19-5-18 Messer
0%
13-5-19-19-21-14-7 Messung
0%
13-9-12-3-8 Milch
0%
13-9-20-20-5-18-14-1-3-8-20 Mitternacht
0%
13-9-20-20-23-15-3-8 Mittwoch
0%
13-15-14-4 Mond
0%
13-15-14-15-11-5-12 Monokel
0%
13-15-14-20-1-7 Montag
0%
13-15-18-7-5-14 Morgen
0%
13-15-20-15-18-18-1-4 Motorrad
0%
13-21-19-9-11 Musik
0%
13-21-20 Mut
0%
14-1-7-5-12 Nagel
0%
14-1-19-8-15-18-14 Nashorn
0%
14-1-20-21-18 Natur
0%
14-5-2-5-12 Nebel
0%
14-15-20 Not
0%
14-15-20-5 Note
0%
14-21-19-19 Nuss
0%
15-2-5-18-19-3-8-5-14-11-5-12 Oberschenkel
0%
15-3-8-19-5 Ochse
0%
15-6-5-14 Ofen
0%
15-8-14-13-1-3-8-20 Ohnmacht
0%
15-8-18-5-14 Ohren
0%
15-16-1 Opa
0%
15-16-15-19-19-21-13 Opossum
0%
15-26-5-1-14 Ozean
0%
16-1-12-13-5 Palme
0%
16-6-5-9-12 Pfeil
0%
16-9-14-11 pink
0%
16-12-1-14 Plan
0%
16-12-1-20-20-5 Platte
0%
16-18-9-14-26 Prinz
0%
16-18-15-6-9 Profi
0%
16-18-15-6-18-1-13-13 Programm
0%
16-19-25-3-8-15-12-15-7-9-5 Psychologie
0%
16-21-2-12-9-11-21-13 Publikum
0%
16-21-14-11-20-5 Punkte
0%
16-21-26-26-12-5 Puzzle
0%
17-21-1-12-12-5 Qualle
0%
17-21-1-18-11 Quark
0%
17-21-9-26 Quiz
0%
18-1-4 Rad
0%
18-1-4-9-15 Radio
0%
18-1-19-5-14 Rasen
0%
18-1-21-13-19-3-8-9-6-6 Raumschiff
0%
18-5-3-8-14-21-14-7 Rechnung
0%
18-5-12-9-6-9-15-15 Religion
0%
18-9-3-8-20-9-7 Richtig
0%
18-15-20 rot
0%
18-21-6 Ruf
0%
18-21-19-19-12-1-14-4 Russland
0%
18-21-20-19-3-8-5 Rutsche
0%
19-1-3-8-19-5-14 Sachsen
0%
19-1-18-4-9-13-5 Sardine
0%
19-1-18-7 Sarg
0%
19-1-20-5-12-12-9-20 Satellit
0%
19-1-24-15-16-8-15-14 Saxophon
0%
19-3-8-5-9-14 Schein
0%
19-3-8-9-5-14-5 Schiene
0%
19-3-8-9-12-4 Schild
0%
19-3-8-12-1-6 Schlaf
0%
19-3-8-18-1-14-11 Schrank
0%
19-3-8-23-1-7-5-18 Schwager
0%
19-3-8-23-5-9-26 Schweiz
0%
19-5-7-5-12-2-15-15-20 Segelboot
0%
19-5-9-12 Seil
0%
19-5-14-11-18-5-3-8-20-5 Senkrechte
0%
19-15-3-11-5-14 Socken
0%
19-16-1-7-8-5-20-20-9 Spaghetti
0%
19-16-5-26-9-1-12 Spezial
0%
19-16-9-5-12 Spiel
0%
19-16-9-15-14 Spion
0%
19-16-15-18-20 Sport
0%
19-20-1-4-20 Stadt
0%
19-20-5-9-14-26-5-9-20 Steinzeit
0%
19-20-5-18-14-5 Sterne
0%
19-20-18-1-14-4 Strand
0%
19-21-12-20-1-14 Sultan
0%
20-1-2-12-5-20-20-5 Tablette
0%
20-1-7 Tag
0%
20-1-14-20-5 Tante
0%
20-5-3-8-14-9-11 Technik
0%
20-5-4-4-25 Teddy
0%
20-5-9-3-8 Teich
0%
20-15-9-12-5-20-20-5 Toilette
0%
20-15-13-1-20-5 Tomate
0%
20-15-14-14-5 Tonne
0%
21-14-9-22-5-18-19-21-13 Universum
0%
22-1-20-5-18 Vater
0%
22-9-15-12-5-20-20 violett
0%
22-9-15-12-9-14-5 Violine
0%
23-1-1-7-5 Waage
0%
23-1-8-18-8-5-9-20 Wahrheit
0%
23-5-3-11-5-18 Wecker
0%
23-5-9-8-14-1-3-8-20-5-14 Weihnachten
0%
23-5-12-19 Wels
0%
23-5-20-20-5-18 Wetter
0%
23-9-13-16-5-18-14 Wimpern
0%
23-15-3-8-5-14-5-14-4-5 Wochenende
0%
23-15-12-11-5 Wolke
0%
23-15-18-20 Wort
0%
24-25-12-15-16-8-15-14 Xylophon
0%
26-1-8-12-21-14-7 Zahlung
0%
26-1-21-2-5-18 Zauber
0%
26-5-2-18-1 Zebra
0%
26-5-8-14 Zehn
0%
26-5-21-7-5 Zeuge
0%
26-15-13-2-9-5 Zombie
0%
26-15-14-5 Zone
0%
26-15-18-14 Zorn
0%
26-21-3-3-8-9-14-9 Zucchini
0%
26-21-7 Zug
0%
26-25-12-9-14-4-5-18 Zylinder
0%
Keine übereinstimmenden Quizze gefunden
Verteilung der Resultate
Anzahl Personen mit jedem Resultat
Perzentil nach korrekt beantworteten Fragen
Ihre Resultats-Entwicklung
Sie haben dieses Quiz noch nicht gespielt